000 00402nam a22001217a 4500
008 190311b xxu||||| |||| 00| 0 eng d
041 _aeng
080 _a043.3
100 _a0
101 _aSHKI-MA
245 _aKongruenca dhe kriptosistemet- aplikimi i numrave të thjeshtë në RSA kriptimin e gjenerimit të tiketës fituse në loto 6 nga 36 tek sistemet server-klient
_cGashi,S
942 _2udc
_cBK
999 _c54687
_d54687